000 00591nam a2200193 4500
001 133392
003 ES-MaACL
005 20230906194408.0
007 t|
008 070214s1971 sp r ||||1| spa d
100 1 _aRueff, Jacques.
_9100528
245 1 3 _aEl pecado monetario de Occidente /
_cJacques Rueff ; [traducción de José Manuel Prades y Jesús Méndez].
250 _a1ª ed.
260 _aBarcelona :
_bDopesa,
_c1971.
300 _a202 p. ;
_c20 cm.
700 1 _aPrades, José Manuel.
_993596
700 1 _aMéndez, Jesús.
_980120
852 _aES-MaACL
_jC-39152
_bR.79494
999 _c133392
_d133392